000 00527nam a2200193 a 4500
003 BD-DhJNU
005 20250803082214.0
008 250501s2018 ii a b 001 0 eng
020 _a9789849284741
040 _aBD-DhJNU
_bENG
_cBD-DhJNU
_dBD-DhJNU
082 0 0 _a954.92 SIF
_223
100 1 _aSiddiqui, Ashraf
245 1 0 _aThe face of Bangladesh /
_cAshraf Siddiqui
250 _a1st ed.
260 _aDhaka :
_bChayon Prokashon,
_c2018.
300 _a176 p. :
_bill. ;
_c22 cm.
650 0 _aFace of Bangladesh
942 _cBK
999 _c1966
_d1966